1278 1440 1665 1321 1187 1905 1304 1441 1435 1637 1571 1633 1305 1779 1867 1325 1594 1387 1562 1210 1687 1434 1623 1959 1385 1438 1253 1321 1987 1378 1177 1998 1469 1029 1093 1780 1356 1771 1088 1036 1324 1429 1546 1134 1852 1385 1216 1801 1768 1716 1071 1642 1710 1406 1142 1272 1918 1043 1453 1997 1691 1334 1765 1593 1965 1394 1804 1463 1450 1312 1312 1058 1286 1694 1280 1044 1071 1879 1513 1368 1779 1513 1799 1097 1846 1841 1994 1387 1001 1019 1770 1252 1442 1677 1601 1432 1808 1964 1922 BCNSPRNW ULIB Ver.6.0+V

เปลี่ยนเป็นภาษาไทย

Change to English
 แสดงรายละเอียดบรรณานุกรม
  กลับหน้าหลัก

Brief Record : Get Marc (ISO 2709) : E-mail record : QR code < ปิดหน้าต่าง
LEADER : 00000nam 2200000uu 4500
001    13399120414
003     ULIB
008    120920s2550||||th 000 0 tha d
020    ^a9789749990391 (ล.2)
060 04 ^aWB100^bว582ต ล.2 2550
245 00 ^aตำราอายุรศาสตร์ 2/^cวิทยา ศรีดามา, บรรณาธิการ
250    ^aพิมพ์ครั้งที่ 5 (ฉบับปรับปรุงแก้ไข)
260    ^aกรุงเทพฯ :^bโครงการตำราจุฬาอายุรศาสตร์ ภาควิชาอายุรศาสตร์คณะแพทยศาสตร์ จุฬาลงกรณ์มหาวิทยาลัย,^c2550
300    ^a4 ล. :^bภาพประกอบสี ;^c26 ซม.
650  7 ^aอายุรศาสตร์^xรวมเรื่อง
650  7 ^aการรักษาโรค
650  7 ^aโภชนาการคลินิก
650  7 ^aตจวิทยา
650  7 ^aโรคไต
700 0  ^aวิทยา ศรีดามา,^eบรรณาธิการ
710 2  ^aจุฬาลงกรณ์มหาวิทยาลัย. ^bคณะแพทยศาสตร์.^bโครงการตำราอายุรศาสตร์
945    ^p300^l0^i24813
945    ^p300^l0^i14129
995    ^aกัณชพร
999 ^a ใช้งานได้ทุกระบบ
รายการนี้ยังไม่มีแท็ก
คุณยังไม่ได้ล็อกอิน คุณสามารถมีกิจกรรมร่วมกับเว็บไซต์ได้ แต่ต้องล็อกอินก่อน ::
  ล็อกอิน

รายการสื่อสารสนเทศ

ลำดับที่ ประเภท เลขเรียก/บาร์โค้ด สถานที่ สถานะ
1. วิทยาศาสตร์การแพทย์ และสุขภาพ
วิทยาศาสตร์การแพทย์ และสุขภาพ
WB100 ว582ต ล.2 2550  
  Barcode: 24813
ห้องสมุดวิทยาเขตสวรรค์ประชารักษ์
►ส่วนจัดเก็บหนังสือเก่า สปร
บนชั้น
  ขอยืม
2. วิทยาศาสตร์การแพทย์ และสุขภาพ
วิทยาศาสตร์การแพทย์ และสุขภาพ
WB100 ว582ต ล.2 2550 ฉ.2 
  Barcode: 14129
ห้องสมุดวิทยาเขตสวรรค์ประชารักษ์
►หนังสือทั่วไป
บนชั้น

รายการใกล้เคียง
    หัวเรื่อง [การรักษาโรค]
    หัวเรื่อง [ตจวิทยา]
    หัวเรื่อง [โรคไต]

BibComment


ยังไม่เคยถูกคอมเมนท์

คอมเมนท์ทรัพยากรรายการนี้
  คอมเมนท์: ตำราอายุรศาสตร์ ..


 Copyright 2026. Bcnsprnw @Library